000 00705nam a22002417a 4500
003 UA-OsUOA
001 26570
007 ta
008 20040607b un ||||| |||| 00| 0 ukr d
090 _a504
_bЧ-82
942 _cBK
040 _aUA-OsUOA
_brus
_cUA-OsUOA
_dUA-OsUOA
245 _aЧувство земли
_bСоветские писатели и ученные об охране родной природы, об екологии хозяйствования
_cСост. Ю.Мазуров
300 _a271 с.
955 _a0
041 _arus
080 _a504
020 _a5-244-00214-7
260 _aМосква
_bМысль
_c1988
044 _aRU
650 7 _2UDC
999 _c312895
_d312895